| 000 | 00764nam a2200253 a 4500 | ||
|---|---|---|---|
| 001 | 60166 | ||
| 003 | BD-RjUL | ||
| 005 | 20211209080818.0 | ||
| 008 | 161228s1997 nyua b 001 0 eng | ||
| 020 | _a0801317452 | ||
| 035 | _a(BD-RjUL)60290 | ||
| 040 |
_aDLC _cDLC _dBD-RjUL _beng |
||
| 041 | _aeng | ||
| 082 | 0 | 0 |
_a361.32 _223 _bSTR 1997 |
| 245 | 0 | 4 |
_aThe strengths perspective in social work practice / _cedited by Dennis Saleebey. |
| 250 | _a2nd ed. | ||
| 260 |
_aNew York : _bLongman, _cc1997. |
||
| 300 |
_axx, 259 p. : _bill. ; _c24 cm. |
||
| 504 | _aIncludes bibliographical references and index. | ||
| 650 | 0 |
_aSocial service _xPsychological aspects. _9179113 |
|
| 700 | 1 |
_aSaleebey, Dennis. _9179114 |
|
| 942 |
_2ddc _cBK |
||
| 999 |
_c60166 _d60166 |
||